10 größte Städte Österreich - Statistiken

Allgemein
  • Dieses Quiz wurde 67 mal gespielt
  • Das Durchschnittsergebnis liegt bei 7 aus 10
Antwortstatistiken
Einwohner Antwort % Korrekt
2.028.000 Wien
100%
158.000 Salzburg
98%
305.000 Graz
90%
132.000 Innsbruck
89%
214.000 Linz
89%
105.000 Klagenfurt am Wörthersee
72%
60.000 St. Pölten
52%
66.000 Villach
46%
65.000 Wels
33%
52.000 Dornbirn
31%
Keine übereinstimmenden Quizze gefunden
Verteilung der Resultate
Anzahl Personen mit jedem Resultat
Perzentil nach korrekt beantworteten Fragen
Ihre Resultats-Entwicklung
Sie haben dieses Quiz noch nicht gespielt